Devon Places - Sudden Death - Statistics

General Stats
  • This quiz has been taken 97 times
  • The average score is 11 of 16
Answers on the Grid
Answers color-coded by a green-red scale on the quiz's grid according to % correct below.
Barnstaple
Bideford
Blackpool
Bletchley
Bodmin
Bracknell
Brixham
Chippenham
Colchester
Dawlish
Evesham
Exeter
Falmouth
Grimsby
Honiton
Ilfracombe
Lynton
Minehead
Okehampton
Paignton
Plymouth
Salisbury
Sidmouth
Skipton
Swanage
Taunton
Tavistock
Teignmouth
Tiverton
Torquay
Wellingborough
Worthing
 
Answer Stats
Answer % Correct
Exeter
80%
Plymouth
80%
Torquay
79%
Dawlish
76%
Paignton
76%
Barnstaple
75%
Honiton
73%
Teignmouth
73%
Tiverton
73%
Tavistock
70%
Okehampton
69%
Sidmouth
68%
Ilfracombe
66%
Bideford
63%
Brixham
63%
Lynton
48%
No matching quizzes found
Score Distribution
Percent of People with Each Score
Percentile by Number Answered
Your Score History
You have not taken this quiz